C C Chatterjee's Human Physiology (Record no. 8577)

MARC details
000 -LEADER
fixed length control field 00373nam a22001337a 4500
008 - FIXED-LENGTH DATA ELEMENTS--GENERAL INFORMATION
fixed length control field 200318b ||||| |||| 00| 0 eng d
020 ## - INTERNATIONAL STANDARD BOOK NUMBER
International Standard Book Number 9789388902717
100 ## - MAIN ENTRY--PERSONAL NAME
Personal name John, Nitin Ashok
245 ## - TITLE STATEMENT
Title C C Chatterjee's Human Physiology
250 ## - EDITION STATEMENT
Edition statement 13nd
Remainder of edition statement 2020
260 ## - PUBLICATION, DISTRIBUTION, ETC. (IMPRINT)
Place of publication, distribution, etc New Delhi
Name of publisher, distributor, etc CBS Publishers & Distributors
650 ## - SUBJECT ADDED ENTRY--TOPICAL TERM
Topical term or geographic name as entry element Human Anatomy and Physiology
942 ## - ADDED ENTRY ELEMENTS (KOHA)
Source of classification or shelving scheme Dewey Decimal Classification
Koha item type Text Books

No items available.

Design & Developed by: PIET Central Library
R70 Miles Stone Pattikalyana Samalkha Panipat 132102
mail ID :- [email protected], Phone No:- 0180-2569700 Ex.216